| 000 | 01344nam a22003737a 4500 | ||
|---|---|---|---|
| 003 | CHAP | ||
| 005 | 20220329140516.0 | ||
| 008 | 971013s1986 r 10010 d | ||
| 010 | _a53056 | ||
| 011 | _a54028 | ||
| 035 | _a58178 | ||
| 040 | _cCHAP | ||
| 082 |
_a633.18 _bT3 |
||
| 111 | 0 | 0 |
_aTaller de Pureza Varietal de Arroz ( _d1986 _c: Culiacán, Sin.) _9111438 |
| 245 | _aMemoria | ||
| 260 |
_aCuliacán, Sin. : _bINIFAP. Campo Agrícola Experimental Valle de Culiacán, _c1986 |
||
| 300 | _a217 p. | ||
| 490 |
_aPublicación especial _v; 7 |
||
| 590 |
_aBATCH-UPD _b10 _c20130109 _lUCH01 _h2329 |
||
| 590 |
_aBATCH-UPD _b10 _c20130110 _lUCH01 _h0819 |
||
| 590 |
_aBATCH-UPD _b10 _c20130410 _lUCH01 _h0456 |
||
| 590 |
_aBATCH-UPD _b10 _c20130914 _lUCH01 _h0410 |
||
| 590 |
_aCONVERSION _b10 _c20130109 _lUCH01 _h1329 |
||
| 650 | 1 | 4 |
_aArroz _xGenética. _97613 |
| 650 | 1 | 4 |
_aArroz _xMejoramiento. _97631 |
| 650 | 1 | 4 |
_aArroz _xVariedades. _97668 |
| 830 | 0 |
_aPublicación especial _v; 7 _992760 |
|
| 901 | _aBK | ||
| 942 | _cLIBRO | ||
| 949 |
_a633.18 T3 _bBC _cCONG _d-126371 _eCONG _fc.2 _h70159 _i58178 _si |
||
| 949 |
_a633.18 T3 _bBC _cLIBRO _d33724000083887 _eLIBRO _fc.4 _h90060 _i58178 _mD _si |
||
| 949 |
_a633.18 T3 _bBC _cLIBRO _d33724000196929 _eLIBRO _h70158 _i58178 _mD _si |
||
| 949 |
_a633.18 T3 _bBC _cLIBRO _d33724000196937 _eLIBRO _fc.3 _h81719 _i58178 _si |
||
| 999 |
_c53056 _d53056 |
||